|
|
|
|
| LEADER |
01486nam a2200397Ia 4500 |
| 001 |
EBC180183 |
| 003 |
MiAaPQ |
| 005 |
20200520144314.0 |
| 006 |
m o d | |
| 007 |
cr cn||||||||| |
| 008 |
991215s2000 enk sb 001 0 eng d |
| 010 |
|
|
|z 99087147
|
| 020 |
|
|
|z 0203461355
|
| 020 |
|
|
|z 0415213371 (hbk)
|
| 020 |
|
|
|z 041521338X (pbk)
|
| 035 |
|
|
|a (MiAaPQ)EBC180183
|
| 035 |
|
|
|a (Au-PeEL)EBL180183
|
| 035 |
|
|
|a (CaPaEBR)ebr10054150
|
| 035 |
|
|
|a (CaONFJC)MIL31763
|
| 035 |
|
|
|a (OCoLC)277634300
|
| 040 |
|
|
|a MiAaPQ
|c MiAaPQ
|d MiAaPQ
|
| 050 |
|
4 |
|a HD6331
|b .R44 2000
|
| 082 |
0 |
4 |
|a 331.25
|2 21
|
| 245 |
0 |
0 |
|a Research and knowledge at work
|h [electronic resource] :
|b perspectives, case-studies and innovative strategies /
|c edited by John Garrick and Carl Rhodes.
|
| 260 |
|
|
|a London ;
|a New York :
|b Routledge,
|c 2000.
|
| 300 |
|
|
|a xiv, 285 p.
|
| 504 |
|
|
|a Includes bibliographical references and index.
|
| 533 |
|
|
|a Electronic reproduction. Ann Arbor, MI : ProQuest, 2015. Available via World Wide Web. Access may be limited to ProQuest affiliated libraries.
|
| 650 |
|
0 |
|a Employees
|x Effect of technological innovations on.
|
| 650 |
|
0 |
|a Technological innovations
|x Economic aspects.
|
| 650 |
|
0 |
|a Organizational learning.
|
| 655 |
|
4 |
|a Electronic books.
|
| 700 |
1 |
|
|a Garrick, John.
|
| 700 |
1 |
|
|a Rhodes, Carl,
|d 1967-
|
| 710 |
2 |
|
|a ProQuest (Firm)
|
| 856 |
4 |
0 |
|u https://ebookcentral.proquest.com/lib/matrademy/detail.action?docID=180183
|z Click to View
|